<?xml version="1.0" encoding="UTF-8"?>
<collection xmlns="http://www.loc.gov/MARC21/slim">
 <record>
  <leader>01668nam a2200373 a 4500</leader>
  <controlfield tag="001">6237488</controlfield>
  <controlfield tag="008">100830s2006    sp a     b    000 0 eng d</controlfield>
  <datafield tag="999" ind1=" " ind2=" ">
   <subfield code="c">9421</subfield>
   <subfield code="d">9421</subfield>
  </datafield>
  <datafield tag="020" ind1=" " ind2=" ">
   <subfield code="a">8496540502</subfield>
  </datafield>
  <datafield tag="020" ind1=" " ind2=" ">
   <subfield code="a">9788496540507</subfield>
  </datafield>
  <datafield tag="040" ind1=" " ind2=" ">
   <subfield code="a">HLS</subfield>
   <subfield code="c">HLS</subfield>
   <subfield code="d">BAKER</subfield>
   <subfield code="d">YDXCP</subfield>
   <subfield code="d">MUQ</subfield>
   <subfield code="d">IXA</subfield>
   <subfield code="d">OHX</subfield>
   <subfield code="d">OSU</subfield>
   <subfield code="d">DB-DhAAL</subfield>
  </datafield>
  <datafield tag="082" ind1="0" ind2="4">
   <subfield code="a">721</subfield>
   <subfield code="2">22</subfield>
  </datafield>
  <datafield tag="245" ind1="0" ind2="4">
   <subfield code="a">The function of ornament /</subfield>
   <subfield code="c">edited [and with an introduction] by Farshid Moussavi and Michael Kubo.</subfield>
  </datafield>
  <datafield tag="260" ind1=" " ind2=" ">
   <subfield code="a">Barcelona :</subfield>
   <subfield code="b">Actar ;</subfield>
   <subfield code="a">Cambridge, Mass. :</subfield>
   <subfield code="b">Harvard University, Graduate School of Design,</subfield>
   <subfield code="c">2006</subfield>
  </datafield>
  <datafield tag="300" ind1=" " ind2=" ">
   <subfield code="a">189 p. :</subfield>
   <subfield code="b">chiefly ill. ;</subfield>
   <subfield code="c">23 cm.</subfield>
  </datafield>
  <datafield tag="500" ind1=" " ind2=" ">
   <subfield code="a">&quot;The drawings of in this book are entirely the work and interpretation of students at the Harvard University Graduate School of Design&quot;--colophon.</subfield>
  </datafield>
  <datafield tag="504" ind1=" " ind2=" ">
   <subfield code="a">Includes bibliographical references (p. 11).</subfield>
  </datafield>
  <datafield tag="526" ind1=" " ind2=" ">
   <subfield code="a">ARC</subfield>
  </datafield>
  <datafield tag="541" ind1="1" ind2=" ">
   <subfield code="e">00020871</subfield>
  </datafield>
  <datafield tag="650" ind1=" " ind2="6">
   <subfield code="a">Decoration and ornament, Architectural.</subfield>
   <subfield code="9">32371</subfield>
  </datafield>
  <datafield tag="650" ind1=" " ind2="6">
   <subfield code="a">Design architectural.</subfield>
   <subfield code="9">32372</subfield>
  </datafield>
  <datafield tag="650" ind1=" " ind2="6">
   <subfield code="a">Architecture</subfield>
   <subfield code="y">20e siècle.</subfield>
   <subfield code="9">32373</subfield>
  </datafield>
  <datafield tag="650" ind1=" " ind2="6">
   <subfield code="a">Construction</subfield>
   <subfield code="x">Détails.</subfield>
   <subfield code="9">32374</subfield>
  </datafield>
  <datafield tag="650" ind1=" " ind2="6">
   <subfield code="a">Murs-rideaux.</subfield>
   <subfield code="9">32375</subfield>
  </datafield>
  <datafield tag="650" ind1=" " ind2="0">
   <subfield code="a">Decoration and ornament, Architectural.</subfield>
   <subfield code="9">32371</subfield>
  </datafield>
  <datafield tag="650" ind1=" " ind2="0">
   <subfield code="a">Architectural design.</subfield>
   <subfield code="9">32376</subfield>
  </datafield>
  <datafield tag="650" ind1=" " ind2="0">
   <subfield code="a">Architecture, Modern</subfield>
   <subfield code="x">Details.</subfield>
   <subfield code="9">32377</subfield>
  </datafield>
  <datafield tag="650" ind1=" " ind2="0">
   <subfield code="a">Building</subfield>
   <subfield code="x">Details.</subfield>
   <subfield code="9">32378</subfield>
  </datafield>
  <datafield tag="650" ind1=" " ind2="0">
   <subfield code="a">Curtain walls.</subfield>
   <subfield code="9">32379</subfield>
  </datafield>
  <datafield tag="700" ind1="1" ind2=" ">
   <subfield code="a">Moussavi, Farshid.</subfield>
   <subfield code="9">32380</subfield>
  </datafield>
  <datafield tag="700" ind1="1" ind2=" ">
   <subfield code="a">Kubo, Michael.</subfield>
   <subfield code="9">32381</subfield>
  </datafield>
  <datafield tag="852" ind1="4" ind2=" ">
   <subfield code="a">Ayesha Abed Library </subfield>
   <subfield code="j">General Shelf.</subfield>
  </datafield>
  <datafield tag="942" ind1=" " ind2=" ">
   <subfield code="2">ddc</subfield>
   <subfield code="c">BK</subfield>
  </datafield>
  <datafield tag="952" ind1=" " ind2=" ">
   <subfield code="0">0</subfield>
   <subfield code="1">0</subfield>
   <subfield code="2">ddc</subfield>
   <subfield code="4">0</subfield>
   <subfield code="6">721_FUN_200600000000000</subfield>
   <subfield code="7">0</subfield>
   <subfield code="9">11837</subfield>
   <subfield code="a">BRACUL</subfield>
   <subfield code="b">BRACUL</subfield>
   <subfield code="c">GEN</subfield>
   <subfield code="d">2010-09-15</subfield>
   <subfield code="e">TRIM EDUCATION</subfield>
   <subfield code="g">3150.00</subfield>
   <subfield code="l">12</subfield>
   <subfield code="m">52</subfield>
   <subfield code="o">721 FUN</subfield>
   <subfield code="p">3010020871</subfield>
   <subfield code="q">2026-05-17</subfield>
   <subfield code="r">2026-05-09</subfield>
   <subfield code="s">2026-05-09</subfield>
   <subfield code="t">1</subfield>
   <subfield code="w">2010-09-15</subfield>
   <subfield code="y">BK</subfield>
  </datafield>
 </record>
</collection>
